Vino y pan (Registro nro. 18364)

Detalles MARC
000 -CABECERA
Longitud fija campo de control 00617nam a22002051 4500
003 - IDENTIFICADOR DELl NÚMERO DE CONTROL
Identificador del número de control OSt
005 - FECHA Y HORA DE LA ÚLTIMA TRANSACCIÓN
Fecha y hora de la última transacción 20150311184543.0
008 - CÓDIGOS DE INFORMACIÓN DE LONGITUD FIJA
Códigos de información de longitud fija 990201s1968 sp spa
040 ## - FUENTE DE LA CATALOGACIÓN
Centro transcriptor BMC
082 ## - NÚMERO DE LA CLASIFICACIÓN DECIMAL DEWEY
Númeroo de clasificación 853
100 1# - PUNTO DE ACCESO PRINCIPAL-NOMBRE DE PERSONA
Nombre de persona Silone, Ignazio
Fechas asociadas al nombre 1900-1978
9 (RLIN) 29786
245 10 - MENCIÓN DE TÍTULO
Título Vino y pan
Mención de responsabilidad, etc. Ignazio Silone ; [traductor, Carmen Martín Gaite]
260 ## - PUBLICACIÓN, DISTRIBUCIÓN, ETC. (PIE DE IMPRENTA)
Lugar de publicación, distribución, etc. Madrid
Nombre del editor, distribuidor, etc. Alianza
Fecha de publicación, distribución, etc. 1968
300 ## - DESCRIPCIÓN FÍSICA
Extensión 292 p.
Dimensiones 18 cm
490 0# - MENCIÓN DE SERIE
Mención de serie El libro de bolsillo. Sección, Literatura
Designación de volumen o secuencia 144
546 ## - NOTA DE LENGUA
Nota de lengua Traducción de: Vino e pane
650 24 - PUNTO DE ACCESO ADICIONAL DE MATERIA - TÉRMINO DE MATERIA
9 (RLIN) 29384
Término de materia o nombre geográfico como elemento inicial Novela italiana
700 1# - PUNTO DE ACCESO ADICIONAL - NOMBRE DE PERSONA
Nombre de persona Martín Gaite, Carmen
Fechas asociadas al nombre 1925-2000
9 (RLIN) 29354
942 ## - ENTRADA DE ELEMENTOS AGREGADOS (KOHA)
Fuente de clasificaión o esquema Dewey Decimal Classification
Koha [por defecto] tipo de item 1- Monografias
Existencias
Suprimido Perdido Fuente de clasificación o esquema Estropeado Restricciones de uso No para préstamo Código de colección Localización permanente Localización actual Localización en estanter&íacute;as Fecha adquisición Fuente de adquisición Número de inventario Préstamos totales Signatura completa Código de barras Fecha última consulta Coste, precio reemplazado Fecha del precio de reemplazo Tipo de item de Koha
NULL NULL Dewey Decimal Classification NULL Prestable NULL NULL Biblioteca Miguel de Cervantes - UNICAES Biblioteca Miguel de Cervantes - UNICAES Sala Principal 11/02/2015 Donación - Mayorga Rivas 027957   N SIL vin 1028363 11/02/2015 24.00 11/02/2015 1- Monografias